Word Ladder: The Revenant Quiz Stats

 Plays Quiz Updated May 25, 2016

Challenge
Share
Tweet
Embed
Score 0/16 Timer 02:00
0 Plays Today
Clue 4-Letter Word % Correct
Opposite of moreLESS
99.2%
❆ Grizzly, polar, or brown, e.g. ❆ᴥ BEAR ᴥ
98.2%
What you do to a drum or eggsBEAT
97.6%
Better than betterBEST
97.4%
❆ Like Nike or (Shia) says: '____ do it' ❆ᴥ JUST ᴥ
97%
Sculpted head and shouldersBUST
95.9%
❆ TV show: Saturday Night ____ᴥ LIVE ᴥ
95.6%
Schindler's, guest, or shopping, e.g.LIST
95.4%
Clue 4-Letter Word % Correct
Shakespeare's tragic king and father of threeLEAR
91.6%
Joke, quip, or prank, e.g.JEST
91.6%
Zooey Deschanel's New Girl character: ____ DayJESS
91.5%
❆ They fall between Cancers and Virgos ❆ᴥ LEOS ᴥ
90.1%
Cosmetics brand __ Watier or physicist __ MeitnerLISE
86.7%
For fear thatLEST
84.6%
❆ King of Queens actress: ____ Remini ❆ᴥ LEAH ᴥ
80.4%
Grateful Dead bassist: Phil ____LESH
72.4%

Today's Daily Dose

You're not logged in!

Compare scores with friends on all Sporcle quizzes.
Join for Free
OR
Log In

You Might Also Like...

Show Comments

Extras

Top Quizzes Today


Score Distribution

Your Account Isn't Verified!

In order to create a playlist on Sporcle, you need to verify the email address you used during registration. Go to your Sporcle Settings to finish the process.

Report this User

Report this user for behavior that violates our Community Guidelines.

Details: